<?xml version="1.0" encoding="UTF-8"?>
<record
    xmlns:xsi="http://www.w3.org/2001/XMLSchema-instance"
    xsi:schemaLocation="http://www.loc.gov/MARC21/slim http://www.loc.gov/standards/marcxml/schema/MARC21slim.xsd"
    xmlns="http://www.loc.gov/MARC21/slim">

  <leader>01223nam a2200265 a 4500</leader>
  <controlfield tag="001">80116</controlfield>
  <controlfield tag="003">BD-RjUL</controlfield>
  <controlfield tag="005">20240206150159.0</controlfield>
  <controlfield tag="008">220725s1954    ua ||||| |||| 00| 0 r   d</controlfield>
  <datafield tag="035" ind1=" " ind2=" ">
    <subfield code="a">(BD-RjUL)80116</subfield>
  </datafield>
  <datafield tag="040" ind1=" " ind2=" ">
    <subfield code="a">HAI</subfield>
    <subfield code="b">eng</subfield>
    <subfield code="c">BD-RjUL</subfield>
  </datafield>
  <datafield tag="041" ind1="0" ind2=" ">
    <subfield code="a">ara</subfield>
  </datafield>
  <datafield tag="082" ind1=" " ind2=" ">
    <subfield code="2">23</subfield>
    <subfield code="a">892.71092</subfield>
    <subfield code="b">KAQ 1954</subfield>
  </datafield>
  <datafield tag="100" ind1="0" ind2=" ">
    <subfield code="a">[Kaab bin Zuhair ] &#x643;&#x639;&#x628; &#x628;&#x646; &#x632;&#x647;&#x64A;&#x631;</subfield>
    <subfield code="9">4119</subfield>
  </datafield>
  <datafield tag="245" ind1="1" ind2="0">
    <subfield code="a">&#x634;&#x631;&#x62D; &#x642;&#x635;&#x64A;&#x62F;&#x629; &#x628;&#x627;&#x646;&#x62A; &#x633;&#x639;&#x627;&#x62F;  /qasidat bant suead /</subfield>
    <subfield code="c">likaeb bin zuhayr; sharah 'abi muhamad jamal aldiyn eabd allh bin hisham alansari   ]   &#x644;&#x643;&#x639;&#x628; &#x628;&#x646; &#x632;&#x647;&#x64A;&#x631;&#x61B; &#x634;&#x631;&#x62D; &#x623;&#x628;&#x64A; &#x645;&#x62D;&#x645;&#x62F; &#x62C;&#x645;&#x627;&#x644; &#x627;&#x644;&#x62F;&#x64A;&#x646; &#x639;&#x628;&#x62F; &#x627;&#x644;&#x644;&#x647; &#x628;&#x646; &#x647;&#x634;&#x627;&#x645; &#x627;&#x644;&#x627;&#x646;&#x635;&#x627;&#x631;&#x64A;</subfield>
  </datafield>
  <datafield tag="246" ind1="3" ind2="3">
    <subfield code="a">&#x642;&#x635;&#x64A;&#x62F;&#x629; &#x628;&#x627;&#x646;&#x62A; &#x633;&#x639;&#x627;&#x62F;</subfield>
  </datafield>
  <datafield tag="246" ind1="3" ind2="3">
    <subfield code="a">&#x62D;&#x627;&#x634;&#x64A;&#x629; &#x627;&#x644;&#x627;&#x633;&#x639;&#x627;&#x62F; &#x639;&#x644;&#x649; &#x628;&#x627;&#x646;&#x62A; &#x633;&#x639;&#x627;&#x62F;</subfield>
  </datafield>
  <datafield tag="260" ind1=" " ind2=" ">
    <subfield code="a">&#x645;&#x635;&#x631; :</subfield>
    <subfield code="b">&#x645;&#x643;&#x62A;&#x628;&#x629; &#x627;&#x644;&#x642;&#x627;&#x647;&#x631;&#x629; ,</subfield>
    <subfield code="c"> 1954</subfield>
  </datafield>
  <datafield tag="300" ind1=" " ind2=" ">
    <subfield code="a">16 &#x635;. &#x61B;</subfield>
    <subfield code="c">&#x662;&#x668; &#x633;.</subfield>
  </datafield>
  <datafield tag="500" ind1=" " ind2=" ">
    <subfield code="a">&#x648;&#x628;&#x647;&#x627;&#x645;&#x634;&#x647; &#x62D;&#x627;&#x634;&#x64A;&#x629; &#x627;&#x644;&#x627;&#x633;&#x639;&#x627;&#x62F; &#x639;&#x644;&#x649; &#x628;&#x627;&#x646;&#x62A; &#x633;&#x639;&#x627;&#x62F; &#x644;&#x627;&#x628;&#x631;&#x627;&#x647;&#x64A;&#x645; &#x627;&#x644;&#x628;&#x627;&#x62C;&#x648;&#x631;&#x64A;</subfield>
  </datafield>
  <datafield tag="600" ind1="0" ind2="4">
    <subfield code="a">Kab ibn Zuhayr.</subfield>
    <subfield code="t">Qasidat al-Burdah</subfield>
    <subfield code="9">4120</subfield>
  </datafield>
  <datafield tag="700" ind1="1" ind2=" ">
    <subfield code="a">&#x627;&#x628;&#x646; &#x647;&#x634;&#x627;&#x645;&#x60C; &#x639;&#x628;&#x62F; &#x627;&#x644;&#x644;&#x647; &#x628;&#x646; &#x64A;&#x648;&#x633;&#x641;&#x60C;</subfield>
    <subfield code="d">1309-1360</subfield>
    <subfield code="9">4121</subfield>
  </datafield>
  <datafield tag="700" ind1="1" ind2=" ">
    <subfield code="a">&#x627;&#x644;&#x628;&#x627;&#x62C;&#x648;&#x631;&#x64A;&#x60C; &#x627;&#x628;&#x631;&#x627;&#x647;&#x64A;&#x645; &#x628;&#x646; &#x645;&#x62D;&#x645;&#x62F;&#x60C;</subfield>
    <subfield code="d">1783 &#x623;&#x648; 1784-1860</subfield>
    <subfield code="9">4122</subfield>
  </datafield>
  <datafield tag="942" ind1=" " ind2=" ">
    <subfield code="2">ddc</subfield>
    <subfield code="c">BK</subfield>
  </datafield>
  <datafield tag="999" ind1=" " ind2=" ">
    <subfield code="c">80116</subfield>
    <subfield code="d">80116</subfield>
  </datafield>
  <datafield tag="952" ind1=" " ind2=" ">
    <subfield code="0">0</subfield>
    <subfield code="1">0</subfield>
    <subfield code="2">ddc</subfield>
    <subfield code="4">0</subfield>
    <subfield code="7">1</subfield>
    <subfield code="8">NFIC</subfield>
    <subfield code="a">RUCL</subfield>
    <subfield code="b">RUCL</subfield>
    <subfield code="c">Reading</subfield>
    <subfield code="d">1968-05-20</subfield>
    <subfield code="e">Kegan poul</subfield>
    <subfield code="o">A 892.71092 KAQ 1954</subfield>
    <subfield code="r">2022-07-25 00:00:00</subfield>
    <subfield code="t">C-1</subfield>
    <subfield code="y">BK</subfield>
  </datafield>
  <datafield tag="952" ind1=" " ind2=" ">
    <subfield code="0">0</subfield>
    <subfield code="1">0</subfield>
    <subfield code="2">ddc</subfield>
    <subfield code="4">0</subfield>
    <subfield code="7">0</subfield>
    <subfield code="a">RUCL</subfield>
    <subfield code="b">RUCL</subfield>
    <subfield code="c">GEN</subfield>
    <subfield code="d">1968-05-20</subfield>
    <subfield code="e">Kegan poul</subfield>
    <subfield code="o">A 892.71092 KAQ 1954</subfield>
    <subfield code="r">2022-07-25 00:00:00</subfield>
    <subfield code="t">C-2</subfield>
    <subfield code="y">BK</subfield>
  </datafield>
  <datafield tag="952" ind1=" " ind2=" ">
    <subfield code="0">0</subfield>
    <subfield code="1">0</subfield>
    <subfield code="2">ddc</subfield>
    <subfield code="4">0</subfield>
    <subfield code="7">0</subfield>
    <subfield code="a">RUCL</subfield>
    <subfield code="b">RUCL</subfield>
    <subfield code="c">GEN</subfield>
    <subfield code="d">1968-05-20</subfield>
    <subfield code="e">Kegan poul</subfield>
    <subfield code="o">A 892.71092 KAQ 1954</subfield>
    <subfield code="r">2022-07-25 00:00:00</subfield>
    <subfield code="t">C-3</subfield>
    <subfield code="y">BK</subfield>
  </datafield>
  <datafield tag="952" ind1=" " ind2=" ">
    <subfield code="0">0</subfield>
    <subfield code="1">0</subfield>
    <subfield code="2">ddc</subfield>
    <subfield code="4">0</subfield>
    <subfield code="7">0</subfield>
    <subfield code="8">NFIC</subfield>
    <subfield code="a">RUCL</subfield>
    <subfield code="b">RUCL</subfield>
    <subfield code="c">GEN</subfield>
    <subfield code="d">0000-00-00</subfield>
    <subfield code="e">Kegan poul</subfield>
    <subfield code="l">0</subfield>
    <subfield code="o">U 892.71092 KAQ 1954</subfield>
    <subfield code="r">2024-01-28 00:00:00</subfield>
    <subfield code="t">C-4</subfield>
    <subfield code="w">2024-01-28</subfield>
    <subfield code="y">BK</subfield>
  </datafield>
  <datafield tag="952" ind1=" " ind2=" ">
    <subfield code="0">0</subfield>
    <subfield code="1">0</subfield>
    <subfield code="2">ddc</subfield>
    <subfield code="4">0</subfield>
    <subfield code="7">0</subfield>
    <subfield code="8">NFIC</subfield>
    <subfield code="a">RUCL</subfield>
    <subfield code="b">RUCL</subfield>
    <subfield code="c">GEN</subfield>
    <subfield code="d">0000-00-00</subfield>
    <subfield code="e">Kegan poul</subfield>
    <subfield code="o">A 892.71092 KAQ 1954</subfield>
    <subfield code="r">2024-01-28 00:00:00</subfield>
    <subfield code="t">C-5</subfield>
    <subfield code="y">BK</subfield>
  </datafield>
  <datafield tag="952" ind1=" " ind2=" ">
    <subfield code="0">0</subfield>
    <subfield code="1">0</subfield>
    <subfield code="2">ddc</subfield>
    <subfield code="4">0</subfield>
    <subfield code="7">0</subfield>
    <subfield code="8">NFIC</subfield>
    <subfield code="a">RUCL</subfield>
    <subfield code="b">RUCL</subfield>
    <subfield code="c">GEN</subfield>
    <subfield code="d">2024-02-06</subfield>
    <subfield code="l">0</subfield>
    <subfield code="o">A 892.71092 KAQ 1954</subfield>
    <subfield code="r">2024-02-06 00:00:00</subfield>
    <subfield code="t">c-6</subfield>
    <subfield code="w">2024-02-06</subfield>
    <subfield code="y">BK</subfield>
  </datafield>
  <datafield tag="952" ind1=" " ind2=" ">
    <subfield code="0">0</subfield>
    <subfield code="1">0</subfield>
    <subfield code="2">ddc</subfield>
    <subfield code="4">0</subfield>
    <subfield code="7">0</subfield>
    <subfield code="8">NFIC</subfield>
    <subfield code="a">RUCL</subfield>
    <subfield code="b">RUCL</subfield>
    <subfield code="c">GEN</subfield>
    <subfield code="d">1968-05-20</subfield>
    <subfield code="e">Kegan poul</subfield>
    <subfield code="o">A 892.71092 KAQ 1954</subfield>
    <subfield code="r">2024-02-08 00:00:00</subfield>
    <subfield code="t">C-7</subfield>
    <subfield code="y">BK</subfield>
  </datafield>
</record>
